|
|
|
|
| LEADER |
00000nab a2200000 ar4500 |
| 001 |
vtls009293611 |
| 003 |
SK-MaSNL |
| 005 |
20260303052753.0 |
| 008 |
080513c20080329xo dr|p|||||||000 b|slo |
| 015 |
|
|
|a SNBRB2008/05
|2 snkbucl
|
| 040 |
|
|
|a SNKBUCL
|b slo
|c SNKBUCL
|e AACR2
|
| 041 |
0 |
|
|a slo
|
| 044 |
|
|
|a xo
|c SK
|
| 080 |
|
|
|a 78.071.2:787.1
|2 2001
|
| 080 |
|
|
|a 787.1
|2 2001
|
| 080 |
|
|
|a 929 Karvay, Dalibor
|2 2001
|
| 100 |
1 |
|
|a Jaslovský, Marian,
|d 1963-
|4 ivr
|4 aut
|9 102033
|
| 245 |
1 |
0 |
|a Mladý umelec nemôže povedať nie
|c Marian Jaslovský, Dalibor Karvay
|
| 300 |
|
|
|b Fotogr.
|
| 500 |
|
|
|a Od 15.1.2007 návrat k pôvodnému vročeniu
|
| 600 |
1 |
7 |
|a Karvay, Dalibor,
|d 1985-
|2 snkbucl
|9 113998
|
| 655 |
|
7 |
|a rozhovory
|2 snkbucl
|9 31831
|
| 700 |
1 |
|
|a Karvay, Dalibor,
|d 1985-
|4 ive
|4 aut
|9 113998
|
| 773 |
0 |
|
|t Sme
|g Roč. 16, č. 74 (29.3.2008)
|x 1335-440X
|
| 773 |
0 |
8 |
|i Príl.:
|t Víkend
|g S. [21] a 23
|
| 852 |
|
|
|a SNK
|b KIS3GCP
|
| 958 |
|
|
|a SK
|
| 958 |
|
|
|a BX
|
| 999 |
|
|
|c 1716558
|d 1718488
|